[Event "Delkanda Inter Club-chT"]
[Site "Delkanda"]
[Date "2021.02.28"]
[Round "5.5"]
[White "Munasinghe, Shanaka"]
[Black "Raheem, T Akeel"]
[Result "1-0"]
[WhiteElo "1852"]
[BlackElo "1533"]
[PlyCount "59"]
[EventDate "2021.02.26"]
[EventType "team-tourn"]
[EventRounds "9"]
[EventCountry "SRI"]
[SourceTitle "EXT 2022"]
[Source "ChessBase"]
[SourceDate "2021.10.06"]
[SourceVersion "1"]
[SourceVersionDate "2021.10.06"]
[SourceQuality "1"]
[WhiteTeam "Anandians CC"]
[BlackTeam "Black and Gold CC"]
[WhiteTeamCountry "SRI"]
[BlackTeamCountry "SRI"]

1. Nf3 d5 2. d4 Nf6 3. g3 e6 4. Bg2 b6 5. c4 Bb7 6. 0-0 Be7 7. Ne5 0-0 8. Nc3 Nbd7 9. Qa4 Nxe5 10. dxe5 Nd7 11. cxd5 exd5 12. Nxd5 Bxd5 13. Bxd5 Nc5 14. Qd1 Rc8 15. Be3 c6 16. Bg2 Qc7 17. f4 Ne6 18. Qc2 Rfd8 19. Rfd1 c5 20. Rac1 Rxd1+ 21. Rxd1 Rd8 22. Rd5 g6 23. Qc4 Bf8 24. a4 Rxd5 25. Bxd5 Ng7 26. Bd2 Nf5 27. e3 Qe7 28. Kf2 h5 29. Qe4 Nh6 30. Bc1 1-0

[Event "Negambo op 4th"]
[Site "Negambo"]
[Date "2018.08.19"]
[Round "7"]
[White "Munasinghe, Shanaka"]
[Black "Madushanka, BWM Malith"]
[Result "0-1"]
[WhiteElo "1873"]
[BlackElo "1478"]
[PlyCount "92"]
[EventDate "2018.08.16"]
[EventType "swiss"]
[EventRounds "10"]
[EventCountry "SRI"]
[SourceTitle "CBM 186 Extra"]
[Source "ChessBase"]
[SourceDate "2018.08.24"]
[SourceVersion "1"]
[SourceVersionDate "2018.08.24"]
[SourceQuality "1"]

1. Nf3 c5 2. c3 Nf6 3. d4 cxd4 4. cxd4 g6 5. g3 Bg7 6. Bg2 0-0 7. 0-0 d5 8. Nc3 e6 9. Qc2 Nc6 10. a3 a5 11. Rd1 Bd7 12. Bf4 Ne7 13. Qb3 Nh5 14. Be5 f6 15. Bd6 Bc6 16. Bc5 Qd7 17. e3 f5 18. Ne5 Bxe5 19. dxe5 Rf7 20. a4 Nc8 21. Nxd5 Qe8 22. Nb6 Nxb6 23. Bxb6 Bxg2 24. Kxg2 Qc6+ 25. Kg1 f4 26. exf4 Nxf4 27. gxf4 Rxf4 28. Be3 Rg4+ 29. Kf1 Rf8 30. Qd3 Qf3 31. Bc5 Qg2+ 32. Ke2 Rgf4 33. Rf1 Re4+ 34. Be3 Qf3+ 35. Kd2 Rxe5 36. Kc2 Rc8+ 37. Kb1 Rd5 38. Qb3 Qe4+ 39. Ka2 Rc4 40. Bc5 Rdxc5 41. Ka3 Rb4 42. Qd1 Rd5 43. f3 Rd3+ 44. b3 Rxa4+ 45. Kb2 Qd4+ 46. Kc2 Qc3+ 0-1

[Event "Asia-ch U20"]
[Site "Sri Lanka"]
[Date "2009.07.05"]
[Round "6"]
[White "Jayasundara, PK Udith Madusank"]
[Black "Munasinghe, Shanaka"]
[Result "1-0"]
[WhiteElo "1900"]
[BlackElo "1773"]
[PlyCount "63"]
[EventDate "2009.07.02"]
[EventType "swiss"]
[EventRounds "9"]
[EventCountry "SRI"]
[SourceTitle "EXT 2010"]
[Source "ChessBase"]
[SourceDate "2010.11.25"]
[SourceVersion "1"]
[SourceVersionDate "2010.11.25"]
[SourceQuality "1"]

1. e4 d5 2. exd5 Qxd5 3. Nc3 Qa5 4. Bc4 c6 5. Nf3 e6 6. d4 Qc7 7. Qe2 Be7 8. Ne5 Nf6 9. Bf4 Qd8 10. Rd1 Nd5 11. Bg3 Bb4 12. 0-0 0-0 13. Ne4 f5 14. Nd2 f4 15. Bd3 fxg3 16. fxg3 Nf6 17. Ne4 Qxd4+ 18. Nf2 Qb6 19. Kh1 Qc7 20. Nfg4 Be7 21. Nxf6+ Bxf6 22. Bxh7+ Kxh7 23. Qh5+ Kg8 24. Ng6 Nd7 25. g4 Rd8 26. g5 Qa5 27. Qh8+ Kf7 28. Rxd7+ Kxg6 29. Rxf6+ gxf6 30. Qxf6+ Kh5 31. Rh7+ Kg4 32. h3+ 1-0